SV Werder Bremen Squad 2025-2026 - Statistics

General Stats
  • This quiz has been taken 121 times
    21 since last reset
  • The average score is 24 of 31
Answer Stats
# Position Nation Player % Correct
20 MF Austria Romano Schmid
100%
32 DF Austria Marco Friedl
95%
23 DF Switzerland Isaac Schmidt
89%
6 MF Denmark Jens Stage
89%
9 FW Germany Keke Topp
89%
30 GK Germany Mio Backhaus
89%
4 DF Germany Niklas Stark
89%
14 MF Belgium Senne Lynen
89%
3 DF Japan Yukinari Sugawara
89%
5 DF Germany Amos Pieper
84%
31 DF Germany Karim Coulibaly
84%
10 MF Germany Leonardo Bittencourt
84%
8 DF Germany Mitchell Weiser
84%
- Coach Germany Horst Steffen
79%
19 FW Serbia Jovan Milošević
79%
17 FW Austria Marco Grüll
79%
2 DF Belgium Olivier Deman
79%
24 MF Croatia Patrice Čović
79%
44 FW Nigeria Victor Boniface
79%
27 DF Nigeria Felix Agu
74%
22 DF Argentina Julián Malatini
74%
11 FW Germany Justin Njinmah
74%
13 GK Estonia Karl Hein
74%
7 FW Belgium Samuel Mbangula
68%
21 MF Norway Isak Hansen-Aarøen
63%
28 MF France Skelly Alvero
63%
39 DF Austria Maximilian Wöber
58%
33 DF Germany Mick Schmetgens
53%
29 FW Germany Salim Musah
47%
25 GK Germany Markus Kolke
42%
34 MF Germany Wesley Adeh
37%
No matching quizzes found
Score Distribution
Percent of People with Each Score
Percentile by Number Answered
Your Score History
You have not taken this quiz since the last reset